The validity of daylight calculations in rights to light (Record no. 79373)

MARC details
000 -LEADER
fixed length control field 01273cad a22002415a 4500
001 - CONTROL NUMBER
control field L140903
008 - FIXED-LENGTH DATA ELEMENTS--GENERAL INFORMATION
fixed length control field 071017e20061019xxk f 000 0 eng d
035 ## - SYSTEM CONTROL NUMBER
System control number (Sirsi) u140903
041 0# - LANGUAGE CODE
Language code of text/sound track or separate title eng
100 1# - MAIN ENTRY--PERSONAL NAME
Personal name Defoe, Peter S.
240 0# - UNIFORM TITLE
Uniform title Was Waldram wrong?
245 04 - TITLE STATEMENT
Title The validity of daylight calculations in rights to light
Medium [electronic resource]
260 ## - PUBLICATION, DISTRIBUTION, ETC.
Date of publication, distribution, etc. 2006
490 ## - SERIES STATEMENT
Series statement RICS Feature
Volume/sequential designation 16 October 2006
520 ## - SUMMARY, ETC.
Summary, etc. Rights of light surveyors accept that the light from 0.2% of the skydome provides one lumen of light and that is sufficient for ordinary needs. This paper examines the validity of this by examining the original methods of calculation and comparing these with some more recent methodologies. It can be shown that there is a case for reassessing the methodologies currently accepted by the courts and for proposing a new more accurate method. [Taken from paper abstract].
650 24 - SUBJECT ADDED ENTRY--TOPICAL TERM
Topical term or geographic name entry element WALDRAM DIAGRAM
650 24 - SUBJECT ADDED ENTRY--TOPICAL TERM
Topical term or geographic name entry element PRESCRIPTION ACT 1832 S3
651 #4 - SUBJECT ADDED ENTRY--GEOGRAPHIC NAME
Geographic name England and Wales
Chronological subdivision 1543-
690 ## - LOCAL SUBJECT ADDED ENTRY--TOPICAL TERM (OCLC, RLIN)
Topical term or geographic name as entry element PROPERTY-PROPERTY MANAGEMENT-EASEMENTS-RIGHTS TO LIGHT DETERMINATION
700 1# - ADDED ENTRY--PERSONAL NAME
Personal name Frame, Ian
856 48 - ELECTRONIC LOCATION AND ACCESS
Uniform Resource Identifier <a href="https://www.rics.org/RICSWEB/getpage.aspx?p=1XHgHEB1N0-uOIFK92q_2A">https://www.rics.org/RICSWEB/getpage.aspx?p=1XHgHEB1N0-uOIFK92q_2A</a>
Public note View the paper free of charge at www.rics.org...
942 ## - ADDED ENTRY ELEMENTS (KOHA)
Suppress in OPAC 0
Holdings
Withdrawn status Lost status Source of classification or shelving scheme Damaged status Not for loan Home library Current library Shelving location Date acquired Total Checkouts Full call number Barcode Date last seen Copy number Price effective from Koha item type
    Dewey Decimal Classification     Virtual Virtual Online 17/10/2007   ONLINE PUBLICATION 140903-2001 06/08/2019 1 06/08/2019 Journal article